000 002540000a22000970004500
100 1 _aSalem, Luis D.
245 1 0 _aLa historia bíblica en Uruguay
300 _aVol. 54, Núm 243 (1999), Páginas 24-27
773 0 _tLa Biblia de las Américas
942 _cANA
999 _c51553
_d51553